000 00313nam a2200133Ia 4500
008 151001s9999||||xx |||||||||||||| ||und||
100 _aदुर्गा - भागवत
245 _aपुवा
250 _a2
260 _bडिंपल
260 _c1995
300 _a139
365 _b21
999 _c971562
_d971559